000 00993nam a2200325Ia 4500
001 11418
003 IT-RoPAU
008 130308s9999 xx 000 0 und d
040 _aIT-RoPAU
040 _cIT-RoPAU
041 _aITALIANO
100 _aBollati Giulio
100 _gCodice Aut. SPICS: 9048
245 _aStoria dell'arte italiana -1-Questioni e metodi
245 _bStoria dell'arte Italiana-1-Questioni e Metodi
250 _a1a ed.
260 _aTORINO
260 _bEinaudi
260 _c1979 [1° Ed.:1979 - Ed.Ling.Originale:1979]
300 _a"502 p. (prefazione: 38; testo: 464)"
500 _aMateriali e Problemi Questioni e Metodi Saggi di Autori vari Elenco delle Illustrazioni
650 _aSTORIA UNIVERSALE DELLE ARTI VISIVE
650 _eCodice materia Spics: 5009
700 _aFossati PaoloPrevitali Giovanni
700 _gCodice Aut. SPICS: 6505Codice Aut. SPICS: 2339
942 _cBK
957 _71
999 _c68645
_d68645
999 _bSI
999 _g1